Basketball / (Record no. 414319)
[ view plain ]
| 000 -LEADER | |
|---|---|
| fixed length control field | 01675nam a2200385 a 4500 |
| 001 - CONTROL NUMBER | |
| control field | 1249707872 |
| 003 - CONTROL NUMBER IDENTIFIER | |
| control field | KyBuM |
| 005 - DATE AND TIME OF LATEST TRANSACTION | |
| control field | 20251217132854.0 |
| 008 - FIXED-LENGTH DATA ELEMENTS--GENERAL INFORMATION | |
| fixed length control field | 220824s2022 mnua j 001 0 eng d |
| 010 ## - LIBRARY OF CONGRESS CONTROL NUMBER | |
| LC control number | 2021016274 |
| 020 ## - INTERNATIONAL STANDARD BOOK NUMBER | |
| International Standard Book Number | 9781636902555 |
| Qualifying information | hardcover |
| 020 ## - INTERNATIONAL STANDARD BOOK NUMBER | |
| International Standard Book Number | 9781636902562 |
| Qualifying information | paperback |
| 035 ## - SYSTEM CONTROL NUMBER | |
| System control number | (OCoLC)1249707872 |
| 040 ## - CATALOGING SOURCE | |
| Original cataloging agency | KyBuM |
| Transcribing agency | KyBuM |
| Description conventions | rda |
| 092 ## - LOCALLY ASSIGNED DEWEY CALL NUMBER (OCLC) | |
| Classification number | children nonfiction |
| Item number | Kenan |
| 100 1# - MAIN ENTRY--PERSONAL NAME | |
| Personal name | Kenan, Tessa. |
| 245 10 - TITLE STATEMENT | |
| Title | Basketball / |
| Statement of responsibility, etc | by Tessa Kenan. |
| 260 ## - PUBLICATION, DISTRIBUTION, ETC. (IMPRINT) | |
| Place of publication, distribution, etc | Minneapolis, MN : |
| Name of publisher, distributor, etc | Tadpole Books/Jump!, |
| Date of publication, distribution, etc | c2022. |
| 264 ## - Production, Publication, Distribution, Manufacture, and Copyright Notice. | |
| Place of production, publication, distribution, manufacture | Minneapolis, MN : |
| Name of producer, publisher, distributor, manufacturer | Tadpole Books/Jump!, |
| Date of production, publication, distribution, manufacture, or copyr | 2022. |
| 300 ## - PHYSICAL DESCRIPTION | |
| Extent | 16 p. : |
| Other physical details | col. ill. ; |
| Dimensions | 24 cm. |
| 440 #0 - SERIES STATEMENT/ADDED ENTRY--TITLE | |
| Title | Let's play sports! |
| 9 (RLIN) | 6557701 |
| 500 ## - GENERAL NOTE | |
| General note | Includes index. |
| 500 ## - GENERAL NOTE | |
| General note | Includes glossary. |
| 520 ## - SUMMARY, ETC. | |
| Summary, etc | "In this book, beginning readers are introduced to the basketball court, rules of play, and basketball equipment and gear. High-frequency words and repetitive sentence patterns work together with strong visual references to support the earliest readers and create a fun first nonfiction reading experience. Basketball includes Tools for Teachers and Caregivers, a Let's Review! question and image, and introductory nonfiction features such as labels, a table of contents, words to know, and an index. Basketball is part of Jump!'s Let's Play Sports! series"--Provided by the publisher. |
| 521 2# - TARGET AUDIENCE NOTE | |
| Target audience note | K-3 |
| Source | Medialog, Inc. |
| 521 8# - TARGET AUDIENCE NOTE | |
| Target audience note | AD 220 |
| Source | Lexile. |
| 521 0# - TARGET AUDIENCE NOTE | |
| Target audience note | P. |
| 521 2# - TARGET AUDIENCE NOTE | |
| Target audience note | P-1. |
| 521 8# - TARGET AUDIENCE NOTE | |
| Target audience note | D |
| Source | Guided Reading Level. |
| 650 #0 - SUBJECT ADDED ENTRY--TOPICAL TERM | |
| Topical term or geographic name as entry element | Basketball |
| Form subdivision | Juvenile literature. |
| 9 (RLIN) | 6357655 |
| 942 ## - ADDED ENTRY ELEMENTS (KOHA) | |
| Source of classification or shelving scheme | Dewey Decimal Classification |
| Koha item type | BOOK |
| Withdrawn status | Lost status | Source of classification or shelving scheme | Damaged status | Not for loan | Collection code | Home library | Current library | Shelving location | Date acquired | Source of acquisition | Total Checkouts | Total Renewals | Full call number | Barcode | Date last seen | Date checked out | Cost, replacement price | Price effective from | Koha item type |
|---|---|---|---|---|---|---|---|---|---|---|---|---|---|---|---|---|---|---|---|
| Dewey Decimal Classification | Children NonFiction | Wasatch County Library | Wasatch County Library | Main Floor Childrens Area | 12/17/2025 | Libraria | 1 | 2 | E Sports/Recreation Kenan | 34301002005546 | 02/12/2026 | 01/05/2026 | 17.95 | 12/17/2025 | BOOK |
